Grandes entrevistas da história (Record no. 44822)
[ view plain ]
| 000 -Etiqueta do registo | |
|---|---|
| Valores | 01028nam a2200301 4500 |
| 021 ## - Número do Depósito Legal | |
| Número | 382437/14 |
| 100 ## - Dados gerais de processamento | |
| Dados gerais | 20150409d2014 m y0pory50030103ba |
| 101 1# - Língua de publicação | |
| Língua | por |
| 102 ## - País de publicação | |
| País | PT |
| 200 1# - Titulo e menção de responsabilidade | |
| Título próprio | Grandes entrevistas da história |
| Primeira menção de responsabilidade | [ed.lit.] Expresso |
| 210 #9 - Publicação | |
| Local de publicação | [Lisboa] |
| Nome do editor | Expresso, |
| Data de publicação | 2014 |
| 215 ## - Descrição física | |
| Paginação / Volumes | 7 v. |
| Outras indicações físicas | il. |
| Dimensões | 19 cm |
| 225 2# - Colecção | |
| Título próprio da colecção | Grandes entrevistas da história |
| Indicação de volume | 4 |
| 327 1# - Nota de conteúdo | |
| Texto da nota | 1<U+00BA> v.: 1865-1988. - 114 p. |
| -- | 2<U+00BA> v.: 1900-1930. - 132 p. |
| -- | 3<U+00BA> v.: 1931-1951. - 119 p. |
| -- | 4<U+00BA> v.: 1952-1970. - 136 p. |
| -- | 5<U+00BA> v.: 1971-1990. - 148 p. |
| -- | 6<U+00BA> v.: 1991-2006. - 128 p. |
| -- | 7<U+00BA> v.: 2007-2014. - 125 p. |
| 517 1# - Outras variantes do título | |
| Variante do título | 1865-1899 |
| 517 1# - Outras variantes do título | |
| Variante do título | 1900-1930 |
| 517 1# - Outras variantes do título | |
| Variante do título | 1931-1951 |
| 517 1# - Outras variantes do título | |
| Variante do título | 1952-1970 |
| 517 1# - Outras variantes do título | |
| Variante do título | 1971-1990 |
| 517 1# - Outras variantes do título | |
| Variante do título | 1991-2006 |
| 517 1# - Outras variantes do título | |
| Variante do título | 2007-2014 |
| 675 ## - CDU | |
| Notação | 82-83 |
| 712 02 - Autor entidade secundário | |
| Nome da entidade | Expresso |
| 801 #0 - Fonte de origem | |
| País | PT |
| Agência | BN |
| Regras de catalogação | RPC |
| 856 41 - Localização e acesso electrónico | |
| URL | <a href="http://rnod.bnportugal.gov.pt/ImagesBN/winlibimg.aspx?skey=&doc=1898187&img=57660&save=true">http://rnod.bnportugal.gov.pt/ImagesBN/winlibimg.aspx?skey=&doc=1898187&img=57660&save=true</a> |
| 990 ## - Elementos KOHA | |
| Tipo de documento | Livro |
| Aquisição | Empréstimo | Código de barras | Cota | Permissão de empréstimo | Tipo de documento |
|---|---|---|---|---|---|
| Biblioteca Itinerante | Biblioteca Itinerante | 054996 | 82-83 EXP | Livro |